000
00215nam a2200097Ia 4500
008
240331s9999 xx 000 0 und d
082
_b
CAS
100
_a
Silva,K.T. ed
245
0
_a
Casteless or caste blind
942
_c
L
999
_c
4502
_d
4502